Construction research and innovation.

Saved in:
Bibliographic Details
Previous Title:Construction information quarterly
Corporate Author: Chartered Institute of Building (Great Britain)
Format: Serial
Language:English
Published: [Ascot, Berkshire] : [Chartered Institute of Building], [2010]-
[Abingdon, England] : Taylor & Francis Group
Subjects:
Tags: Add Tag
No Tags, Be the first to tag this record!
LEADER 01671cas a22004337i 4500
001 014523848-2
005 20170714183045.0
008 100608c20109999enkqr s 0|||a0eng d
010 |a  2017201912 
022 0 |a 2045-0249  |2 1 
035 0 |a ocn639381191 
035 |a (Mrcit)2670000000033992 
037 |b Taylor & Francis, 4 Park Square, Milton Park, Abingdon OX14 4RN 
042 |a pcc  |a nsdp 
082 1 0 |a 624  |2 23 
082 0 4 |a 690  |2 21 
210 0 |a Constr. res. innov. 
222 0 |a Construction research and innovation 
245 0 0 |a Construction research and innovation. 
246 1 |a CRI 
264 1 |a [Ascot, Berkshire] :  |b [Chartered Institute of Building],  |c [2010]- 
264 3 1 |3 2017- :  |a [Abingdon, England] :  |b Taylor & Francis Group 
310 |a Quarterly 
336 |a text  |b txt  |2 rdacontent 
337 |a unmediated  |b n  |2 rdamedia 
338 |a volume  |b nc  |2 rdacarrier 
362 1 |a Began with vol. 1, no. 1 (2010). 
588 |a Description based on surrogate of: Volume 8, issue 1 (2017); title from cover. 
588 |a Latest issue consulted: Volume 8, issue 1 (2017) (Surrogate). 
650 0 |a Building  |v Periodicals. 
650 0 |a Construction industry  |v Periodicals. 
650 7 |a Building.  |2 fast  |0 (OCoLC)fst00840551 
650 7 |a Construction industry.  |2 fast  |0 (OCoLC)fst00875964 
655 7 |a Periodicals.  |2 fast  |0 (OCoLC)fst01411641 
710 2 |a Chartered Institute of Building (Great Britain) 
776 1 8 |i Online version:  |t Construction research and innovation (Online)  |x 2475-6822  |w (DLC) 2016209786  |w (OCoLC)926261142 
780 0 0 |t Construction information quarterly  |x 1469-4891  |w (OCoLC)61878216 
988 |a 20151106 
906 |0 MH